| 000 | 00711nam a2200205 i 4500 | ||
|---|---|---|---|
| 001 | 97391 | ||
| 003 | ES-MaACL | ||
| 005 | 20230906182107.0 | ||
| 007 | t| | ||
| 008 | 050712s1973 sp ||||1| spa d | ||
| 100 | 1 |
_aMarcelin, Philippe Thoby. _976367 |
|
| 245 | 1 | 0 |
_aTodos los hombres están locos / _cPhilippe Thoby Marcelin y Pierre Marcelin; prólogo de Tomás Salvador; introducción de Edmund Wilson; [versión de Leonor Tejada]. |
| 260 |
_aBarcelona : _bNovaro, _c1973. |
||
| 300 |
_a205 p. ; _c22 cm. |
||
| 700 | 1 |
_aMarcelin, Pierre. _976368 |
|
| 700 | 1 |
_aSalvador, Tomás. _9102080 |
|
| 700 | 1 |
_aWilson, Edmund. _9117023 |
|
| 700 | 1 |
_aTejada, Leonor. _9109560 |
|
| 852 |
_aES-MaACL _jC-55628 _bR.88136 |
||
| 999 |
_c97391 _d97391 |
||